The Last Wish (Record no. 43110)
[ view plain ]
| 000 -LEADER | |
|---|---|
| fixed length control field | 00413nam a2200169Ia 4500 |
| 008 - FIXED-LENGTH DATA ELEMENTS--GENERAL INFORMATION | |
| fixed length control field | 120913t2001 xxu||||| |||| 00| 0 eng d |
| 041 ## - LANGUAGE CODE | |
| Language code of text/sound track or separate title | English |
| 080 ## - UNIVERSAL DECIMAL CLASSIFICATION NUMBER | |
| Universal Decimal Classification number | 8-31 |
| Item number | KAM |
| 942 ## - ADDED ENTRY ELEMENTS (KOHA) | |
| Koha item type | Books |
| 003 - CONTROL NUMBER IDENTIFIER | |
| control field | LK-CoDNM |
| 040 ## - CATALOGING SOURCE | |
| Original cataloging agency | LK-CoDNM |
| Modifying agency | LK-CoDNM |
| Description conventions | LK-CoDNM |
| 100 ## - MAIN ENTRY--PERSONAL NAME | |
| Personal name | Kammallaweera,Jayatilaka |
| 700 ## - ADDED ENTRY--PERSONAL NAME | |
| Personal name | Balasuriya,Tilak |
| Relator term | translater |
| 245 #4 - TITLE STATEMENT | |
| Title | The Last Wish |
| 260 ## - PUBLICATION, DISTRIBUTION, ETC. (IMPRINT) | |
| Place of publication, distribution, etc. | Godage |
| -- | Colombo |
| Date of publication, distribution, etc. | 2001 |
| 300 ## - PHYSICAL DESCRIPTION | |
| Other physical details | 80p, 21 cm |
| Withdrawn status | Lost status | Damaged status | Not for loan | Collection code | Permanent Location | Current Location | Date acquired | Full call number | Barcode | Koha item type |
|---|---|---|---|---|---|---|---|---|---|---|
| Translation | Library National Museum Colombo - Sri Lanka | Library National Museum Colombo - Sri Lanka | 2012-09-13 | 8-31 KAM | P27176 | Books |


